000 00589nam a2200181Ia 4500
008 090123s9999 xx 000 0 und d
082 _b17780
_a891.463/मंगेश
100 _aमंगेशकर गीता
245 _aप्रायश्चित्त
250 _a1
260 _bप्रिया प्रकाशन
_c1990
300 _a253
600 _aमंगेशकर गीता
630 _aप्रायश्चित्त
700 _aमंगेशकर गीता
730 _aप्रायश्चित्त
942 _cBOOK
999 _c55839
_d55839